Cuphead Bosses - Statistics

General Stats
  • This quiz has been taken 148 times
  • The average score is 13 of 19
Answer Stats
Answer % Correct
King Dice
86%
Devil
85%
The Root Pack
84%
Hilda Berg
81%
Goopy le Grande
79%
Cala Maria
75%
Ribby and Croaks
75%
Cagney Carnation
74%
Beppi the Clown
73%
Baroness von Bon Bon
72%
Grim Matchstick
71%
Djimmi the Great
70%
Sally Stageplay
70%
Wally Warbles
69%
Captain BrineyBeard
65%
Rumor Honeybottoms
65%
Werner Werman
63%
Phantom Express
62%
Dr Khals Robot
23%
No matching quizzes found
Score Distribution
Percent of People with Each Score
Percentile by Number Answered
Your Score History
You have not taken this quiz